000 01159cam a2200373 4500
008 #DATE n1994 000 0 eng u
020 _a0471554944
035 _a(Sirsi) u120169
041 _aeng
050 _a526.982
100 _aHaykin, S.
100 _aLewis, E.O.
100 _aRaney, R.K.
100 _aRossiter, J.R.
245 _aRemote sensing of sea ice and icebergs
260 _aNew York
_bJohn Wiley & Sons
_c1994
300 _axxviii,686p.
_bill.
_c25cm.
350 _a107
490 _aWiley Series in Remote Sensing
520 _aA text aimed at a number of different types of reader: those interested in sea ice and icebergs and how to detect or observe them; those wishing tolearn about state-of-the-art remote sensing techniques; and those involved in observing or monitoring ice-covered oceans.
650 _aGIS
650 _aPHOTOGRAMMETRY
650 _aGIS
650 _aREMOTE SENSING
650 _aSEA ICE
650 _aICEBERGS
650 _aMICROWAVE SYSTEMS
650 _aRADAR
650 _aCANADA
650 _aPOLAR REGIONS
650 _aOCEANS
690 _aGeomatics
_96242
942 _n0
999 _c102493
_d102493